<?xml version="1.0" encoding="UTF-8"?>
<record
    xmlns:xsi="http://www.w3.org/2001/XMLSchema-instance"
    xsi:schemaLocation="http://www.loc.gov/MARC21/slim http://www.loc.gov/standards/marcxml/schema/MARC21slim.xsd"
    xmlns="http://www.loc.gov/MARC21/slim">

  <leader>00562nam a22001571  4500</leader>
  <controlfield tag="001">c  98000151 </controlfield>
  <controlfield tag="003">DLC</controlfield>
  <controlfield tag="005">20260227111038.0</controlfield>
  <controlfield tag="008">801210s1898    nju           00010 eng  </controlfield>
  <datafield tag="010" ind1=" " ind2=" ">
    <subfield code="a">c  98000151 </subfield>
  </datafield>
  <datafield tag="050" ind1="0" ind2=" ">
    <subfield code="a">TT977</subfield>
    <subfield code="b">.H22</subfield>
  </datafield>
  <datafield tag="100" ind1="1" ind2="0">
    <subfield code="a">Hamm, Fred J.</subfield>
  </datafield>
  <datafield tag="245" ind1="0" ind2="4">
    <subfield code="a">The tonsorial recipe book for barbers and druggists;</subfield>
    <subfield code="b">containing formul&#xE6; and all information necessary for compounding the various preparations used by the trade ...</subfield>
    <subfield code="c">By Fred J. Hamm.</subfield>
  </datafield>
  <datafield tag="260" ind1="0" ind2=" ">
    <subfield code="a">Rahway, N.J.,</subfield>
    <subfield code="b">Rahway publishing company,</subfield>
    <subfield code="c">1898.</subfield>
  </datafield>
  <datafield tag="300" ind1=" " ind2=" ">
    <subfield code="a">123 p.</subfield>
    <subfield code="c">12 cm.</subfield>
  </datafield>
  <datafield tag="999" ind1=" " ind2=" ">
    <subfield code="c">13117</subfield>
    <subfield code="d">13117</subfield>
  </datafield>
</record>
